000 00897nam a2200265Ia 4500
001 21784
005 20260320113312.0
008 260320s9999||||xx |||||||||||||| ||und||
020 _a9786123263010
041 _aESP
082 _a322.10985
_bG45
100 _aGil Piedra, Rodrigo,
_eAUT
245 0 _aEntre Dios y el Estado :
_bla politización del movimiento conservador en el Perú
246 _a
_5
_b
250 _aPrimera edición
260 _aLima :
_bIEP Instituto de Estudios Peruanos,
_c2024
300 _a194 páginas :
_btablas ;
_c21 cm.
_e
440 _a(Perú problema
_n; número 79)
_v
650 _aCIS
653 _aPartidos políticos - Perú; Derecha conservadora - Perú; Religión; Ideologías políticas
654 _aDER
700 _a
_c
856 _uhttps://www-jstor-org.ucsp.lookproxy.com/
_zVéase además: Base de datos JSTOR
942 _cLIB
_dJUS
_fMAT
_2ddc
_n
999 _c21784
_d21784